[Event "Ivrea Eporediese op 26th"]
[Site "Ivrea"]
[Date "2009.01.22"]
[Round "2"]
[White "Perrone, Davide"]
[Black "Bruno, Fabrizio"]
[Result "0-1"]
[WhiteElo "1617"]
[BlackElo "1948"]
[PlyCount "64"]
[EventDate "2009.01.15"]
[EventType "swiss"]
[EventRounds "9"]
[EventCountry "ITA"]
[SourceTitle "EXT 2011"]
[Source "ChessBase"]
[SourceDate "2010.11.26"]
[SourceVersion "1"]
[SourceVersionDate "2010.11.26"]
[SourceQuality "1"]

1. e4 d6 2. d4 Nf6 3. Nc3 g6 4. Be2 Bg7 5. h4 c5 6. Be3 cxd4 7. Bxd4 Nc6 8. Be3 h5 9. f3 a6 10. Qd2 Qa5 11. Bd3 b5 12. Nge2 Ne5 13. Nd1 Qxd2+ 14. Kxd2 Bb7 15. Nf2 d5 16. Bd4 Nc6 17. Bxf6 Bxf6 18. exd5 Nb4 19. c3 Nxd5 20. Rad1 0-0-0 21. Ne4 Bg7 22. Nc5 Bh6+ 23. f4 e5 24. g3 Rhe8 25. Nxb7 Kxb7 26. Be4 exf4 27. Bxd5+ Rxd5+ 28. Nd4 fxg3+ 29. Kc2 f5 30. Rhg1 f4 31. Nf3 Rxd1 32. Rxd1 Re3 0-1

[Event "Ivrea Eporediese op 24th"]
[Site "Ivrea"]
[Date "2007.02.15"]
[Round "5"]
[White "Perrone, Davide"]
[Black "Chiarotto, Filippo"]
[Result "0-1"]
[WhiteElo "1512"]
[BlackElo "2056"]
[PlyCount "150"]
[EventDate "2007.01.18"]
[EventType "swiss"]
[EventRounds "9"]
[EventCountry "ITA"]
[SourceTitle "EXT 2010"]
[Source "ChessBase"]
[SourceDate "2010.11.25"]
[SourceVersion "1"]
[SourceVersionDate "2010.11.25"]
[SourceQuality "1"]

1. e4 e6 2. d4 a6 3. Bd3 c5 4. c3 b5 5. Nf3 Bb7 6. Be3 cxd4 7. cxd4 Nf6 8. Nbd2 Be7 9. h3 Nc6 10. Rc1 Qa5 11. Bb1 0-0 12. 0-0 d6 13. Qe1 Rac8 14. Nb3 Qxe1 15. Rfxe1 Rfd8 16. Bd2 Re8 17. a3 g6 18. Re3 Bd8 19. Rec3 Bb6 20. Kh1 a5 21. Bg5 Kg7 22. Kg1 a4 23. Nbd2 Nxd4 24. Kf1 Nxf3 25. Nxf3 Rxc3 26. Rxc3 Nxe4 27. Bxe4 Bxe4 28. Ke2 Bb7 29. g3 Rc8 30. Rxc8 Bxc8 31. Be7 d5 32. Bb4 f6 33. Ne1 e5 34. f3 Bxh3 35. Nd3 Be6 36. Nc1 f5 37. Nd3 Kf6 38. Bd6 Bd4 39. Kd2 e4 40. fxe4 dxe4 41. Nf4 Bxb2 42. Bb4 Bc4 43. Ng2 Be5 44. Nf4 g5 45. Ne2 Bxe2 46. Kxe2 Bxg3 47. Bc3+ Be5 48. Bb4 h5 49. Kf2 h4 50. Kg1 h3 51. Kh1 e3 52. Be1 f4 53. Kh2 g4 54. Bh4+ Kf5 55. Be1 Ke4 56. Kg1 Kf3 57. Bb4 Bd4 58. Kh1 e2 59. Be1 Bf2 60. Bb4 e1Q+ 61. Bxe1 Bxe1 62. Kg1 g3 63. Kf1 h2 64. Kxe1 h1Q+ 65. Kd2 Qg2+ 66. Kc3 Qe2 67. Kb4 Qc4+ 68. Ka5 Ke4 69. Kb6 Kd5 70. Kb7 Kd6 71. Kb6 Qc5+ 72. Kb7 Qc6+ 73. Kb8 Qd7 74. Ka8 Kc6 75. Kb8 Qb7# 0-1